Chansons d'Avril Lavigne - Statistiques

Statistiques générales
  • Ce quiz a été pris 163 fois
    7 depuis la dernière actualisation
  • Le résultat moyen est 44 sur 102
Statistiques - réponses
Albums Titres % Correct
Let Go Complicated
100%
The Best Damn Thing Girlfriend
100%
Goodbye Lullaby What the Hell
100%
Avril Lavigne 17
67%
Goodbye Lullaby Alice
67%
Love Sux Avalanche
67%
Avril Lavigne Bitchin' Summer
67%
Love Sux Bite Me
67%
Goodbye Lullaby Black Star
67%
Love Sux Bois Lie
67%
Love Sux Cannonball
67%
Head Above Water Dumb Blonde
67%
Love Sux F.U.
67%
Goodbye Lullaby Goodbye
67%
Head Above Water Head Above Water
67%
Avril Lavigne Hello Kitty
67%
Avril Lavigne Here's to Never Growing Up
67%
Under My Skin He Wasn't
67%
The Best Damn Thing Hot
67%
Let Go I'm with You
67%
Let Go Losing Grip
67%
Love Sux Love Sux
67%
Under My Skin My Happy Ending
67%
Goodbye Lullaby Push
67%
Avril Lavigne Rock N Roll
67%
The Best Damn Thing Runaway
67%
Let Go Sk8er Boi
67%
Goodbye Lullaby Smile
67%
The Best Damn Thing The Best Damn Thing
67%
The Best Damn Thing When You're Gone
67%
Goodbye Lullaby Wish You Were Here
67%
Goodbye Lullaby 4 Real
33%
Love Sux All I Wanted
33%
The Best Damn Thing Alone
33%
Let Go Anything but Ordinary
33%
Avril Lavigne Bad Girl
33%
Head Above Water Bigger Wow
33%
Head Above Water Birdie
33%
Let Go (20th Anniversary Edition) Breakaway
33%
Love Sux Break Of A Heartache
33%
The Best Damn Thing Contagious
33%
Love Sux Dare To Love Me
33%
Love Sux Déjà Vu
33%
Under My Skin Don't Tell Me
33%
Goodbye Lullaby Everybody Hurts
33%
The Best Damn Thing Everything Back But You
33%
Let Go (20th Anniversary Edition) Falling Down
33%
Avril Lavigne Falling Fast
33%
Under My Skin Fall To Pieces
33%
Under My Skin Forgotten
33%
Under My Skin Freak Out
33%
Let Go (20th Anniversary Edition) Get Over It
33%
Avril Lavigne Give You What You Like
33%
Head Above Water Goddess
33%
Avril Lavigne Hello Heartache
33%
Under My Skin How Does It Feel
33%
Avril Lavigne Hush Hush
33%
Under My Skin I Always Get What I Want
33%
The Best Damn Thing I Can Do Better
33%
Let Go (20th Anniversary Edition) I Don't Give
33%
The Best Damn Thing I Don't Have To Try
33%
Head Above Water I Fell In Love With The Devil
33%
Goodbye Lullaby I Love You
33%
Love Sux (Deluxe) I’m a Mess
33%
The Best Damn Thing Innocence
33%
Head Above Water It Was In Me
33%
The Best Damn Thing I Will Be
33%
The Best Damn Thing Keep Holding On
33%
Love Sux Kiss Me Like The World Is Ending
33%
Avril Lavigne Let Me Go
33%
Love Sux Love It When You Hate Me
33%
Let Go (20th Anniversary Edition) Make Up
33%
Love Sux (Deluxe) Mercury In Retrograde
33%
Let Go Mobile
33%
Let Go My World
33%
Let Go Naked
33%
Let Go Nobody's Fool
33%
Under My Skin Nobody's Home
33%
Goodbye Lullaby Not Enough
33%
The Best Damn Thing One of Those Girls
33%
Love Sux (Deluxe) Pity Party
33%
Goodbye Lullaby Remember When
33%
Avril Lavigne Sippin' On Sunshine
33%
Under My Skin Slipped Away
33%
Head Above Water Souvenir
33%
Goodbye Lullaby Stop Standing There
33%
Under My Skin Take Me Away
33%
Head Above Water Tell Me It's Over
33%
Let Go Things I'll Never Say
33%
Under My Skin Together
33%
Let Go Tomorrow
33%
Let Go Too Much to Ask
33%
Let Go Unwanted
33%
Head Above Water Warrior
33%
Under My Skin Who Knows
33%
Let Go (20th Anniversary Edition) Why
33%
Avril Lavigne You Ain't Seen Nothin' Yet
33%
Single Young & Dumb (feat. Simple Plan)
33%
Head Above Water Crush
0%
Goodbye Lullaby Darlin
0%
Single Ironic
0%
Head Above Water Love Me Insane
0%
Aucun quiz correspondant
Distribution des résultats
% des personnes avec chaque résultat
Percentile par nombre de réponses
Votre historique - résultats
Vous n’avez pas pris ce quiz depuis la dernière actualisation